000 00261nam a2200109Ia 4500
008 240625s9999 xx 000 0 und d
041 _aeng
082 _a658.4092 HRD
100 _aMULTIMEDIA HRD
245 _aLEADERSHIP IN THE MOVIES 6 DVD SET
260 _c2013
999 _c34958
_d34958